Donde menos se piensa salta un herdero (Record no. 44720)

MARC details
000 -Etiqueta do registo
Valores 00447nam a2200169 4500
100 ## - Dados gerais de processamento
Dados gerais 20250904 pory50
101 ## - Língua de publicação
Língua esp
102 ## - País de publicação
País ESP
200 ## - Titulo e menção de responsabilidade
Título próprio Donde menos se piensa salta un herdero
Primeira menção de responsabilidade Joan Butler
210 ## - Publicação
Local de publicação Barcelona
Nome do editor [Jose Janes Editor]
Data de publicação [195-?]
215 ## - Descrição física 
Paginação / Volumes 277,[1] p.
225 ## - Colecção 
Título próprio da colecção Al manigote ded papel
Informação de outro título coleccion optimista
675 ## - CDU
Notação 821.111(417)-31
801 ## - Fonte de origem
País PT
Regras de catalogação RPC
990 ## - Elementos KOHA
Tipo de documento Livro
Holdings
Aquisição Empréstimo Código de barras Cota Permissão de empréstimo Tipo de documento Nota relativa ao exemplar
Biblioteca Municipal de Redondo Biblioteca Municipal de Redondo 054716 821.111(417)-3 BUT   Livro depósito. Obra em Espanhol.

Powered by Koha